| 000 | 00362 a2200109 4500 | ||
|---|---|---|---|
| 001 | ART_2782 | ||
| 005 | 20260410161710.0 | ||
| 008 | 260409a | ||
| 245 | 1 | 0 | _aLa expansión ganadera en la campaña de Buenos Aires (1810-1852) |
| 100 | 1 | _aHalperin Donghi, Tulio | |
| 773 | 0 |
_tDesarrollo económico _g- Vol. 3, Nº 1/2 (abr./sep. 1963) _wREV1174 |
|
| 999 |
_c15977 _d15977 |
||